El monstruo de los jardines.

Spremljeno u:
Bibliografski detalji
Glavni autor: Calderón de la Barca, Pedro, 1600-1681 (autor)
Daljnji autori: Mayorga, Juan (edición)
Format: Knjiga
Jezik:engleski
Izdano: Madrid, España: Fundamentos, 2001.
Serija:Real Escuela Superior de Arte Dramático, Clásicos RESAD; Colección Arte,
Teme:
Oznake: Dodaj oznaku
Bez oznaka, Budi prvi tko označuje ovaj zapis!

MARC

LEADER 00000nam a22000007a 4500
003 CL-VaPUC
005 20241127091135.0
008 241115t2001 ||||| |||| 00| 0 eng d
999 |c 445753  |d 445751 
020 |a 84-245-0894-7 
040 |c Pontificia Universidad Católica de Valparaíso 
082 |2 22  |a 862.3 CAL 2001 
100 |9 866681  |a Calderón de la Barca, Pedro,   |d 1600-1681  |e autor 
245 |a El monstruo de los jardines. 
260 |a Madrid, España:  |b Fundamentos,  |c 2001. 
300 |a 184 páginas. 
490 |a Real Escuela Superior de Arte Dramático, Clásicos RESAD;  |a Colección Arte,  |n  129. 
500 |a c.1 Donación. Memo EDU. 12-11-2024. 
583 |c 20241115  |k Yessy Sthefany Diaz Vidal 
600 0 |9 866681  |a Calderón de la Barca, Pedro,   |d 1600-1681  |v Crítica e interpretación  |x Dramaturgo español 
650 0 |9 306261  |a Literatura española  |x Comedias mitológicas  |y Siglo 17 
650 0 |9 265077  |a Teatro español  |y Siglo 17 
700 |9 893960  |a Mayorga, Juan  |e edición 
942 |2 ddc  |c BK 
952 |0 0  |1 0  |2 ddc  |4 0  |6 862_300000000000000_CAL_2001  |7 0  |8 A  |9 598112  |a BIBEDU  |b BIBEDU  |d 2024-11-19  |e Donación  |i 5663246  |o 862.3 CAL 2001  |p 5663246  |r 2024-11-19  |t 1  |w 2024-11-19  |y BK  |k EDU